000 00948nam0a22002531 4500
001 rc\3667887
005 20250610093405.0
021 _aRU
_b[73-96519]
035 _a(NLR Aleph) 007840432
090 _a9801108
_c9801108
100 _a20130115d1973 |||y0rusy50 ca
101 0 _arus
102 _aRU
105 _ay z |||||
200 1 _aИдеологическая работа Кабардино-Балкарской областной организации КПСС в годы восьмой пятилетки. (1966-1970)
210 _aНальчик
_cЭльбрус
_d1973
215 _a164 с.
_d16
606 _aИдеологическая работа КПСС
_xКабардино-Балкарская организация
_xИстория
_z1959
_2psbo
700 1 _aКяов
_bБ.Т.
_gБорис Талович
801 0 _aRU
_bNLR
_gpsbo
801 1 _aRU
_bELAR
_2rusmarc
852 _aNLR
_j73-2/2723
942 _cBOOK
980 _aNB